Logo BPK

Biblioteka

Politechniki Koszalińskiej

Wystrój okna w 2 godziny / (Rekord nr 52489)

Szczegóły MARC
000 -ETYKIETA REKORDU
podpole kontrolne o stałej długości 00979nam a2200301 i 4500
001 - NUMER KONTROLNY REKORDU
pole kontrolne bg
020 ## - MIĘDZYNARODOWY ZNORMALIZOWANY NUMER KSIĄŻKI - ISBN
ISBN 838931424X
040 ## - ŹRÓDŁO KATALOGOWANIA
Instytucja, która utworzyła rekord BPK
041 1# - KOD JĘZYKA
Kod języka tekstu pol
Kod języka oryginału eng
080 ## - UNIWERSALNA KLASYFIKACJA DZIESIĘTNA - UKD
UKD 747:643/645](02.025.2)
920 ## - Międzynarodowy znormalizowany numer książki – ISBN
ISBN 83-89314-24-X
008 - POLE O STAŁEJ DŁUGOŚCI - DANE KONTROLNE
podpole kontrolne o stałej długości s pl f |000 0 pol
100 1# - NAZWA OSOBOWA
Nazwa osobowa DURBANO, Linda
245 10 - TYTUŁ/ODPOWIEDZIALNOŚĆ
Tytuł Wystrój okna w 2 godziny /
Pozostałe elementy strefy tytułu i oznaczenia odpowiedzialności Linda Durbano, Marni Kissel, Mechelle Christian ; z ang. przeł. Hanna Jankowska.
246 ## - WARIANT TYTUŁU
Treść wyrażenia wprowadzającego Tyt. oryg.:
Tytuł .
260 ## - STREFA ADRESU WYDAWNICZEGO
Miejsce wydania Warszawa :
Nazwa wydawcy/dystrybutora Klub dla Ciebie - Bauer-Weltbild Media,
Data publikacji, dystrybucji/powstania dokumentu 2003.
300 ## - STREFA OPISU FIZYCZNEGO
Objętość 143, [1] s. :
Inne cechy fizyczne il. ;
Rozmiary 28 cm.
500 ## - UWAGI OGÓLNE
Tekst uwagi Tyt. oryg.: Two-our window treatments".
504 ## - UWAGA DOTYCZĄCA BIBLIOGRAFII
Informacje o bibliografii Indeks.
650 #9 - HASŁO PRZEDMIOTOWE W FORMIE NAZWY OGÓLNEJ LUB JEDNOSTKOWEJ
Nazwa ogólna lub geograficzna Okno
Określnik ogólny estetyka
650 #9 - HASŁO PRZEDMIOTOWE W FORMIE NAZWY OGÓLNEJ LUB JEDNOSTKOWEJ
Nazwa ogólna lub geograficzna Zdobnictwo
655 ## - TERMIN INDEKSOWY - OKREŚLENIE RODZAJU/FORMY DOKUMENTU
Określenie rodzaju/formy dokumentu Wydawnictwa popularne
700 1# - HASŁO DODATKOWE - NAZWA OSOBOWA
Nazwa osobowa KISSEL, Marni
700 1# - HASŁO DODATKOWE - NAZWA OSOBOWA
Nazwa osobowa CHRISTIAN, Mechelle
700 1# - HASŁO DODATKOWE - NAZWA OSOBOWA
Nazwa osobowa JANKOWSKA, Hanna
Dopowiedzenie (tłumacz).
Określenie związku między hasłem a opisywanym materiałem Tł.
856 ## - LOKALIZACJA I DOSTĘP DO ELEKTRONICZNYCH DOKUMENTÓW ZDALNYCH
Link (URL) http://koha.tu.koszalin.pl/cgi-bin/koha/opac-detail.pl?biblionumber=52489
Tekst linku Katalog online BPK
942 ## - DODATKOWE ELEMENTY (KOHA)
Typ dokumentu Książka
Egzemplarze
Wycofany Status egzemplarza Uszkodzony Dostępność Lokalizacja stała Lokalizacja bieżąca Miejsce przechowywania Sygnatura Kod kreskowy Dział Typ dokumentu
      Tylko na miejscu Czytelnia Wydziału Elektroniki i Informatyki, Wydziału Architektury i Wzornictwa, Wydziału Inżynierii Mechanicznej i Energetyki oraz Wydziału Inżynierii Lądowej, Środowiska i Geodezji Czytelnia Wydziału Elektroniki i Informatyki, Wydziału Architektury i Wzornictwa, Wydziału Inżynierii Mechanicznej i Energetyki oraz Wydziału Inżynierii Lądowej, Środowiska i Geodezji Czytelnia Wydziałowa ul. Śniadeckich 2 80923 02330563 745/749 Rzemiosło artystyczne. Sztuka użytkowa Książka
© 2023 Biblioteka Politechniki Koszalińskiej :: KOHA